000 00811cab a2200253 4500
001 ABS48069
008 090401t1993 xxu||||| |||| 00| 0 eng d
035 _a(Sirsi) u64786
041 _aeng
100 _aWard, V.C.
245 _aOriginal tenant liability - limiting the damage
260 _c1993
350 _a0
490 _aProperty Finance
_v5(2) February 1993, 23-24(2)
520 _aAttempts through a review of recent caselaw, to establish the extent of liability to which a tenant may be subject at the end of a contractual term.
650 _aASSIGNMENT
650 _aLAW OF PROPERTY ACT 1925 S77
650 _aLEASES
650 _aORIGINAL TENANT LIABILITY
650 _aPRIVITY OF CONTRACT
690 _aLANDLORD AND TENANT-BUSINESS TENANCIES
942 _n0
948 _c04/03/1997
999 _c40363
_d40363